An Estimated DSGE Model to Analyze Housing Market Policies in Hong Kong SAR /

During the last decade, Hong Kong SAR has experienced a large increase in house prices and credit, prompting the authorities to respond with several rounds of tightening macroprudential rules and increasing stamp duty taxes. This paper provides a Dynamic Stochastic General Equilibrium (DSGE) model f...

সম্পূর্ণ বিবরণ

গ্রন্থ-পঞ্জীর বিবরন
প্রধান লেখক: Rabanal, Pau
বিন্যাস: পত্রিকা
ভাষা:English
প্রকাশিত: Washington, D.C. : International Monetary Fund, 2018.
মালা:IMF Working Papers; Working Paper ; No. 2018/090
অনলাইন ব্যবহার করুন:Full text available on IMF
LEADER 01909cas a2200241 a 4500
001 AALejournalIMF018355
008 230101c9999 xx r poo 0 0eng d
020 |c 5.00 USD 
020 |z 9781484347577 
022 |a 1018-5941 
040 |a BD-DhAAL  |c BD-DhAAL 
100 1 |a Rabanal, Pau. 
245 1 3 |a An Estimated DSGE Model to Analyze Housing Market Policies in Hong Kong SAR /  |c Pau Rabanal. 
264 1 |a Washington, D.C. :  |b International Monetary Fund,  |c 2018. 
300 |a 1 online resource (25 pages) 
490 1 |a IMF Working Papers 
500 |a <strong>Off-Campus Access:</strong> No User ID or Password Required 
500 |a <strong>On-Campus Access:</strong> No User ID or Password Required 
506 |a Electronic access restricted to authorized BRAC University faculty, staff and students 
520 3 |a During the last decade, Hong Kong SAR has experienced a large increase in house prices and credit, prompting the authorities to respond with several rounds of tightening macroprudential rules and increasing stamp duty taxes. This paper provides a Dynamic Stochastic General Equilibrium (DSGE) model for Hong Kong SAR and analyzes the effectiveness of these measures, and finds that they have helped reduce house price appreciation and household leverage. A baseline small open economy real business cycle model is extended by including a housing sector, financial frictions, foreign demand for the domestic housing stock, and is estimated using Bayesian methods and data for Hong Kong SAR between 1996 and 2017. The paper finds that, without these policies, house prices would have been 10.5 percent higher, and the household credit-GDP ratio 14 percent higher. 
538 |a Mode of access: Internet 
830 0 |a IMF Working Papers; Working Paper ;  |v No. 2018/090 
856 4 0 |z Full text available on IMF  |u http://elibrary.imf.org/view/journals/001/2018/090/001.2018.issue-090-en.xml  |z IMF e-Library